| 000 | 01229nam0a22002891 4500 | ||
|---|---|---|---|
| 001 | rc\333318 | ||
| 005 | 20250621041554.0 | ||
| 010 |
_a5-09-000021-2 _936500 |
||
| 035 | _a(NLR Aleph) 005568504 | ||
| 090 |
_a5986787 _c5986787 |
||
| 100 | _a20030307d1989 |||y0rusy50 ca | ||
| 101 | 0 | _arus | |
| 102 | _aRU | ||
| 105 | _ay ||||||||| | ||
| 200 | 1 |
_aСборник упражнений по стилистике русского языка _e[По спец. "Рус. яз. и лит. в нац. шк."] _fВ.Д. Бондалетов, С.С. Вартапетова, Э.Н. Кушлина _gПод ред. Н.М. Шанского |
|
| 205 | _a2-е изд., дораб. | ||
| 210 |
_aЛ. _cПросвещение. Ленингр. отд-ние _d1989 |
||
| 215 |
_a126, [2] с. _d21 |
||
| 225 | 1 | _aУчебное пособие для педагогических институтов | |
| 700 | 1 |
_aБондалетов _bВ.Д. _f1928- _gВасилий Данилович |
|
| 701 | 1 |
_aВартапетова _bС.С. _gСофия Суреновна |
|
| 701 | 1 |
_aКушлина _bЭ.Н. _gЭля Николаевна |
|
| 801 | 0 |
_aRU _bNLR _gpsbo |
|
| 801 | 1 |
_aRU _bELAR _2rusmarc |
|
| 852 |
_aNLR _j89-3/12274 |
||
| 942 | _cBOOK | ||
| 980 | _aNB | ||